[Event "Tournament (juniors)"]
[Site "masterchessopen.com Lublin (Poland)"]
[Date "2006.07.12"]
[Round "6"]
[White "Tomczak Jacek (POL)"]
[Black "Zysko Jan (POL)"]
[Result "1-0"]
[WhiteElo "2420"]
[BlackElo "1994"]

1.e4 c5 2.Nf3 d6 3.d4 cxd4 4.Nxd4 Nf6 5.Nc3 e6 6.Be2 a6 7.O-O Qc7 8.f4 Be7
9.Be3 O-O 10.g4 Nc6 11.g5 Nd7 12.f5 Nxd4 13.Qxd4 Re8 14.Rad1 Ne5 15.f6 Bf8
16.fxg7 Kxg7 17.Bh5 Kg8 18.Bf4 b5 19.Qf2 Re7 20.Bxe5 dxe5 21.Qh4 Bb7 22.Rd3
Bc6 23.Rdf3 Be8 24.g6 hxg6 25.Bxg6 f5 26.exf5 exf5 27.Bxf5 Rg7+ 28.Kh1 Be7
29.Be6+ Rf7 30.Rg1+ Bg5 31.Qxg5+ Kf8 32.Qg8+ {#r} 1-0

[Event "It (open)"]
[Site "masterchessopen.com Amsterdam (Netherlands)"]
[Date "2006.07.22"]
[Round "8"]
[White "Cornelisse Johnny J A (NED)"]
[Black "Bosboom Manuel (NED)"]
[Result "0-1"]
[WhiteElo "2196"]
[BlackElo "2375"]

1.e4 c5 2.Nf3 d6 3.d4 cxd4 4.Nxd4 Nf6 5.Nc3 a6 6.Be2 e6 7.O-O Qc7 8.f4 Nc6
9.Nb3 b5 10.Bf3 Bb7 11.Be3 Be7 12.Qd2 O-O 13.Rad1 Rac8 14.a3 Rfd8 15.Qf2 Qb8
16.Qg3 b4 17.axb4 Nxb4 18.Nd4 g6 19.Rd2 Kh8 20.Nb3 Ba8 21.Nc1 d5 22.exd5 Nbxd5
23.Nxd5 Bxd5 24.Nd3 Kg8 25.Rfd1 Ne4 26.Bxe4 Bxe4 27.Qf2 Bxd3 28.cxd3 Qb3
29.Qf3 Bb4 30.Bb6 Bxd2 {#R} 0-1

[Event "It (open)"]
[Site "masterchessopen.com Senta (Yugoslavia)"]
[Date "2006.07.22"]
[Round "2"]
[White "Andrijevic Milan (SRB)"]
[Black "Jurcsak Andras (SRB)"]
[Result "1-0"]
[WhiteElo "2374"]
[BlackElo "2180"]

1.e4 c5 2.Nf3 d6 3.d4 cxd4 4.Nxd4 Nf6 5.Nc3 a6 6.Be2 e6 7.O-O Qc7 8.f4 b5
9.Bf3 Bb7 10.e5 dxe5 11.fxe5 Nfd7 12.Bxb7 Qxb7 13.Qh5 g6 14.Qh4 Bg7 15.Ne4 O-O
16.Nf6+ Nxf6 17.exf6 Bh8 18.c3 Nd7 19.Bg5 e5 20.Nb3 Qb6+ 21.Kh1 Rfe8 22.Nd2 h6
23.Qxh6 Nxf6 24.Bxf6 Bxf6 25.Ne4 Bg7 26.Qh4 f5 27.Ng5 Rad8 28.Qh7+ Kf8
29.Rxf5+ gxf5 30.Qxf5+ Bf6 31.Rf1 Rd6 32.Qh7 {#r} 1-0

[Event "It (open)"]
[Site "masterchessopen.com Tibor (Czech Republic)"]
[Date "2006.08.01"]
[Round "4"]
[White "Havlik Jan (CZE)"]
[Black "Bartos Alois (CZE)"]
[Result "1-0"]
[WhiteElo "1929"]
[BlackElo "2040"]

1.e4 c5 2.Nf3 e6 3.d4 cxd4 4.Nxd4 a6 5.Nc3 Qc7 6.Be2 Nf6 7.O-O d6 8.f4 Be7
9.Kh1 O-O 10.Qe1 Nc6 11.Be3 Bd7 12.Qg3 Rfe8 13.e5 dxe5 14.fxe5 Nxe5 15.Bh6 g6
16.Rad1 Nd5 17.Nf3 f6 18.Nxe5 fxe5 19.Bd3 Nf4 20.Rxf4 exf4 21.Bxf4 e5 22.Bxe5
{#r} 1-0

[Event "It (open)"]
[Site "masterchessopen.com Kuala Lumpur (Malaysia)"]
[Date "2006.08.21"]
[Round "1"]
[White "Sukandar I"]
[Black "Dao Thien Hai (VIE)"]
[Result "0-1"]
[WhiteElo "2237"]
[BlackElo "2557"]

1.e4 c5 2.Nf3 d6 3.d4 cxd4 4.Nxd4 Nf6 5.Nc3 a6 6.Be2 e6 7.O-O Qc7 8.a4 b6 9.f4
Bb7 10.Bf3 Nbd7 11.Qe2 Rd8 12.Kh1 Be7 13.g4 d5 14.e5 Ne4 15.Nd1 g5 16.c3 Rg8
17.Nf2 Ndc5 18.Be3 gxf4 19.Bxf4 Bg5 20.Bg3 Bh6 21.Nxe4 Nxe4 22.Bxe4 dxe4 23.h4
Bg7 24.Qh2 e3+ 25.Kg1 Bxe5 {#R} 0-1

[Event "It (open) (b)"]
[Site "masterchessopen.com Polanica Zdroj (Poland)"]
[Date "2006.08.27"]
[Round "9"]
[White "Plonczak Dominik (POL)"]
[Black "Zysko Jan (POL)"]
[Result "1-0"]
[WhiteElo "2132"]
[BlackElo "1994"]

1.e4 c5 2.Nf3 d6 3.d4 cxd4 4.Nxd4 Nf6 5.Nc3 e6 6.Be2 a6 7.O-O Qc7 8.f4 Be7
9.Be3 O-O 10.g4 d5 11.exd5 Nxd5 12.Nxd5 exd5 13.Bf3 Rd8 14.Qd2 Nc6 15.Rad1
Nxd4 16.Bxd4 Bd7 17.f5 Bc6 18.g5 Bd6 19.f6 g6 20.Qf2 Re8 21.Bb6 Qd7 22.Qh4 h5
23.gxh6 Kh7 24.Bd4 Be5 25.Bg2 Qc7 26.Rfe1 Bxd4+ 27.Qxd4 Qa5 28.Re7 Rxe7
29.fxe7 Kxh6 30.c3 Qxa2 31.Rf1 Qc4 32.Qe3+ Kg7 33.Rf4 d4 34.Qe5+ {#r} 1-0

[Event "Ch Europe (juniors) (under 14)"]
[Site "masterchessopen.com Herceg Novi (Montenegro)"]
[Date "2006.09.12"]
[Round "3"]
[White "Nuri Kambez (SUI)"]
[Black "Bazeev German (RUS)"]
[Result "1-0"]
[WhiteElo "2148"]
[BlackElo "2209"]

1.e4 c5 2.Nf3 e6 3.d4 cxd4 4.Nxd4 Nf6 5.Nc3 d6 6.Be2 a6 7.O-O Qc7 8.Be3 b5
9.a3 Bb7 10.f4 Nxe4 11.Nxe4 Bxe4 12.c4 bxc4 13.Bxc4 Qxc4 14.Rc1 Qd3 15.Rc8+
Ke7 16.Qc1 Nd7 17.Rc3 Qb1 18.Nc6+ Ke8 19.Qd2 Qxf1+ 20.Kxf1 Be7 21.Qd4 Bd5
22.Qa4 Bd8 23.b4 f5 24.b5 a5 25.b6 Bxb6 26.Bxb6 Nxb6 27.Qb5 Nd7 28.Qb7 Rb8
29.Qc7 Rb1+ 30.Ke2 Rb2+ 31.Ke3 Bxc6 32.Rxc6 {#r} 1-0

[Event "It (open)"]
[Site "masterchessopen.com Omis (Croatia)"]
[Date "2006.10.06"]
[Round "5"]
[White "Armanda Ivica (CRO)"]
[Black "Prlac Vedran (CRO)"]
[Result "1-0"]
[WhiteElo "2342"]
[BlackElo "2115"]

1.e4 c5 2.Nf3 e6 3.d4 cxd4 4.Nxd4 a6 5.Be2 Nf6 6.Nc3 d6 7.O-O Qc7 8.f4 b5 9.e5
b4 10.exf6 bxc3 11.bxc3 gxf6 12.Rb1 Nd7 13.Bf3 Rb8 14.Rxb8 Qxb8 15.f5 e5
16.Nc6 Qb6+ 17.Kh1 Bb7 18.Nb4 Be7 19.Qe2 a5 20.Nd5 Bxd5 21.Bxd5 Qc5 22.Bxf7+
Kd8 23.Be3 Qc6 24.Rb1 Rf8 25.Be6 Nc5 26.Qc4 Qa6 27.Qxa6 {#r} 1-0

[Event "Ch Buryatia"]
[Site "masterchessopen.com Ulan Ude (Russia)"]
[Date "2006.12.09"]
[Round "8"]
[White "Galsanov Balzhinima (RUS)"]
[Black "Baglaev Evgeniy (RUS)"]
[Result "0-1"]
[WhiteElo "2031"]
[BlackElo "2090"]

1.e4 c5 2.Nf3 e6 3.d4 cxd4 4.Nxd4 a6 5.Nc3 Qc7 6.Be2 Nf6 7.O-O d6 8.Be3 Be7
9.f4 Nbd7 10.Bf3 Nb6 11.Kh1 Nc4 12.Bc1 Rb8 13.Nce2 e5 14.Nb3 b5 15.Rb1 Bb7
16.Ng3 O-O 17.Qe2 g6 18.c3 Rfe8 19.f5 Bf8 20.Bg5 Bg7 21.Nd2 Nb6 22.Rf2 Nfd7
23.Rbf1 f6 24.Be3 d5 25.fxg6 hxg6 26.h4 dxe4 27.Bxe4 Bxe4 28.Ndxe4 f5 29.Ng5
Nf6 30.Bxb6 Rxb6 31.Qd1 Re7 {#R} 0-1

[Event "Ch City"]
[Site "masterchessopen.com Salekhard (Russia)"]
[Date "2007.02.02"]
[Round "8"]
[White "Matvienko Ivan (RUS)"]
[Black "Vaganov Nikolay (RUS)"]
[Result "1-0"]
[WhiteElo "2247"]
[BlackElo "1851"]

1.e4 c5 2.Nf3 e6 3.d4 cxd4 4.Nxd4 Nf6 5.Nc3 d6 6.Be2 a6 7.O-O Qc7 8.a4 Nc6
9.Be3 Ne5 10.a5 Nc4 11.Bxc4 Qxc4 12.Na4 Qc7 13.Nb6 Rb8 14.Qd3 Nd7 15.b4 Be7
16.f4 O-O 17.c4 Nxb6 18.axb6 Qd8 19.Rad1 Bd7 20.Rd2 Rc8 21.Nb3 Bc6 22.Na5 Qe8
23.f5 d5 24.exd5 exd5 25.Nxc6 bxc6 26.c5 Bf6 27.Bf4 Be5 28.Re2 f6 29.Rfe1 Qh5
30.Bxe5 fxe5 31.Rxe5 Qg4 32.b7 Rb8 33.Qxa6 Qxb4 34.Qxc6 {#r} 1-0

[Event "Czech League 2006/07 (2nd) (a)"]
[Site "masterchessopen.com Czech Republic"]
[Date "2007.02.11"]
[Round "7"]
[White "Pravdik Kamil (CZE)"]
[Black "Zeman Martin (CZE)"]
[Result "0-1"]
[WhiteElo "2011"]
[BlackElo "1957"]

1.e4 c5 2.Nf3 d6 3.d4 cxd4 4.Nxd4 Nf6 5.Nc3 a6 6.Be3 Ng4 7.Bc1 Nf6 8.Be2 e6
9.O-O Qc7 10.a4 Be7 11.Be3 O-O 12.Kh1 Bd7 13.f4 Nc6 14.Qe1 Nxd4 15.Bxd4 e5
16.fxe5 dxe5 17.Qg3 Kh8 18.Bxe5 Qc6 19.Nd5 Rae8 20.Nxe7 Rxe7 21.Bd6 Nxe4
22.Qh4 Qxd6 23.Rad1 Qe5 24.Bd3 Bxa4 25.Rde1 Bc6 26.Re2 Re6 27.Rf4 g5 28.Rfxe4
Bxe4 29.Qe1 f5 30.Qb4 Ree8 {#R} 0-1

[Event "Memorial G.Agzamov (open)"]
[Site "masterchessopen.com Tashkent (Uzbekistan)"]
[Date "2007.03.18"]
[Round "3"]
[White "Iuldachev Saidali (UZB)"]
[Black "Mustafaev Jamshid (UZB)"]
[Result "1-0"]
[WhiteElo "2526"]
[BlackElo "2275"]

1.e4 c5 2.Nc3 e6 3.Nf3 a6 4.d4 cxd4 5.Nxd4 Qc7 6.Be2 Nf6 7.O-O d6 8.f4 Be7
9.Be3 O-O 10.g4 Nfd7 11.g5 Re8 12.f5 Bf8 13.Nxe6 fxe6 14.Bh5 g6 15.fxg6 hxg6
16.Bxg6 Re7 17.Qh5 {#r} 1-0

[Event "Bundesliga 2006/07"]
[Site "masterchessopen.com Germany"]
[Round "14"]
[White "Van Den Doel Erik (NED)"]
[Black "Graw Christopher (GER)"]
[Result "1-0"]
[WhiteElo "2593"]
[BlackElo "2217"]

1.e4 c5 2.Nf3 e6 3.d4 cxd4 4.Nxd4 a6 5.Be2 Nf6 6.Nc3 Qc7 7.O-O d6 8.f4 Nbd7
9.Bf3 g6 10.a4 e5 11.Nb3 exf4 12.Bxf4 Ne5 13.Be2 Bg7 14.Bg5 Ned7 15.Qd4 Nh5
16.Qf2 Ne5 17.Bxh5 gxh5 18.Nd5 Qc6 19.Na5 Qd7 20.Bf6 {#r} 1-0

[Event "Ch Vietnam"]
[Site "masterchessopen.com Hue (Vietnam)"]
[Date "2007.04.11"]
[Round "9"]
[White "Ly Hong Nguyen (VIE)"]
[Black "Tran Thanh Tu (VIE)"]
[Result "1-0"]
[WhiteElo "2306"]
[BlackElo "2256"]

1.e4 c5 2.Nf3 e6 3.d4 cxd4 4.Nxd4 a6 5.Nc3 Qc7 6.Be2 Nf6 7.O-O d6 8.f4 Be7
9.Kh1 Nc6 10.Be3 Bd7 11.Qe1 O-O 12.Qg3 Kh8 13.Rad1 Rad8 14.a3 b5 15.Nxc6 Bxc6
16.Bd4 Qb7 17.Bd3 d5 18.exd5 Bxd5 19.Nxd5 Qxd5 20.Be5 Ne8 21.Qh3 f5 22.Bxf5
Rxf5 23.Rxd5 Rxd5 24.Re1 Kg8 25.Qe3 Bc5 26.Qe2 Rf7 27.Rd1 Rfd7 28.Rxd5 Rxd5
29.g3 Bd6 30.Qg4 Kf7 31.Qh5+ Ke7 32.Bxd6+ Nxd6 33.Qxh7 Nf5 34.g4 {#r} 1-0

[Event "Ch France (juniors) (under 20)"]
[Site "masterchessopen.com Le Grand Bornand (France)"]
[Date "2007.04.12"]
[Round "5"]
[White "Entem Alan (FRA)"]
[Black "Platel Alexandre (FRA)"]
[Result "1-0"]
[WhiteElo "2168"]
[BlackElo "2251"]

1.e4 c5 2.Nf3 e6 3.d4 cxd4 4.Nxd4 a6 5.Be2 Nf6 6.Nc3 Qc7 7.O-O d6 8.Kh1 b5
9.f4 b4 10.e5 bxc3 11.exf6 gxf6 12.Bh5 Nc6 13.bxc3 Nd8 14.Rb1 f5 15.Re1 Be7
16.Qe2 Ra7 17.c4 Rg8 18.Kg1 Kf8 19.Be3 Rb7 20.Rb3 Qa5 21.Bf3 Rc7 22.Nxe6+ Nxe6
23.Bb6 Nxf4 24.Qe3 Nh3+ 25.Kh1 f4 26.Qe2 Qe5 27.Bxc7 Bh4 28.Qxe5 dxe5 29.Rxe5
Bf6 30.gxh3 {#r} 1-0

[Event "It (open) \"]
[Site "masterchessopen.com Wroclaw (Poland)"]
[Date "2007.04.20"]
[Round "5"]
[White "Wieczorek Oskar (POL)"]
[Black "Sadzikowski Daniel (POL)"]
[Result "1-0"]
[WhiteElo "2185"]
[BlackElo "2104"]

1.e4 c5 2.Nf3 e6 3.d4 cxd4 4.Nxd4 a6 5.Nc3 Qc7 6.Be2 Nf6 7.O-O d6 8.a4 b6 9.f4
Bb7 10.Bf3 Nbd7 11.Qe2 Rc8 12.Be3 Be7 13.Bf2 g6 14.e5 Bxf3 15.Nxf3 dxe5
16.Nxe5 Nc5 17.Kh1 Qb7 18.Bh4 O-O 19.Rad1 Rfd8 20.Rfe1 Nd5 21.Bxe7 Nxe7
22.Rxd8+ Rxd8 23.b4 Nd7 24.Nxf7 Kxf7 25.Qxe6+ {#r} 1-0

[Event "It (open)"]
[Site "masterchessopen.com Dubai (United Arab Emirates)"]
[Date "2007.04.23"]
[Round "2"]
[White "Sadeghi M A (IRI)"]
[Black "Sundararajan Kidambi (IND)"]
[Result "0-1"]
[WhiteElo "2192"]
[BlackElo "2442"]

1.e4 c5 2.Nf3 d6 3.d4 cxd4 4.Nxd4 Nf6 5.Nc3 e6 6.Be2 a6 7.O-O Qc7 8.Kh1 b5
9.f3 Nbd7 10.a4 b4 11.Na2 d5 12.exd5 Nxd5 13.c3 bxc3 14.bxc3 Bc5 15.Re1 O-O
16.Bf1 Bb7 17.c4 N5f6 18.Be3 Rad8 19.Qc2 Ne5 20.Qe2 Rxd4 21.Bxd4 Bxd4 22.Rad1
Nc6 23.Qc2 Qf4 24.Rb1 Ba8 25.Qc1 Qh4 {#R} 0-1

[Event "Ch Russia (club) (w)"]
[Site "masterchessopen.com Sochi (Russia)"]
[Date "2007.05.11"]
[Round "11"]
[White "Hou Yifan (CHN)"]
[Black "Galliamova Alisa (RUS)"]
[Result "1-0"]
[WhiteElo "2502"]
[BlackElo "2460"]

{ Hou Yifan (CHN) +2 =0 -1 } 1.e4 c5 2.Nf3 e6 3.d4 cxd4 4.Nxd4 Nf6 5.Nc3 d6
6.Be2 a6 7.O-O Qc7 8.a4 Be7 9.f4 O-O 10.Kh1 { = } 10...Nbd7 ( 10...Nc6 11.Be3
Re8 12.Bf3 Rb8 13.Qd2 Bd7 14.Nb3 b6 15.Qf2 Nb4 16.Nd4 e5 17.Nf5 Bxf5 18.exf5
e4 19.Nxe4 Qxc2 20.Rfc1 Qxf2 21.Nxf2 d5 22.Bd2 a5 23.g3 Bc5 24.Bxb4 Bxb4
25.Kg2 h5 26.Rc2 b5 { 1/2-1/2, Ivanchuk Vassily 2705 - Kasparov Garry 2805 ,
Linares 1993 It } ) 11.Bf3 ( 11.a5 Nc5 12.Bd3 Bd7 13.Qe1 Rac8 14.Qg3 Nxd3
15.cxd3 Qc5 16.Nf3 Qh5 17.Be3 Ng4 18.Bd4 Bf6 19.Bg1 Bxc3 20.bxc3 Rxc3 21.h3 f5
22.exf5 exf5 23.Nh4 Nf6 24.Bd4 Rc2 25.Rfe1 Qf7 26.Rab1 Nh5 27.Qg5 h6 28.Qe7
Nxf4 29.Qxd6 Ne6 30.Rxb7 Rd8 { ...1-0, Marinovic Bozidar 2384 - Hund Barbara
2261 , Malta 1980 Olympiad } ) 11...Re8 ( 11...Rd8 12.a5 Ne5 13.Be2 Nc4 14.Nb3
Bd7 15.Qe1 Rac8 16.Bd3 Be8 17.Na4 d5 18.e5 Nd7 19.Be3 Nxe3 20.Qxe3 Bb4 21.c3
Bxa5 22.Nxa5 Qxa5 23.f5 Nf8 24.f6 d4 25.Qg5 Ng6 26.Bxg6 hxg6 27.fxg7 Kxg7
28.Qf6+ Kf8 29.Rf3 Qxa4 30.Rxa4 dxc3 31.Rf1 { ...1-0, Almasi Zoltan 2580 -
Farkas Tibor 2370 , Budapest 1993 It "Caissa" } ) ( 11...Rb8 12.Qe1 Re8 13.Qg3
Nf8 14.f5 e5 15.Bh6 g6 16.fxg6 hxg6 17.Nf5 Be6 18.Bg5 N8h7 19.Nxe7+ Qxe7
20.Bh4 Qf8 21.Rad1 Red8 22.Be2 Qg7 23.Qf2 g5 24.Bg3 Qg6 25.Qb6 Nxe4 26.Bxe5
Nxc3 27.Bxc3 Bf5 28.Qd4 Kf8 29.Rxf5 Qxf5 30.Qg7+ Ke7 31.Bd3 { ...1-0, Jusic
Zdenko 2370 - Kievelitz Bernd 2118 , Schwarzach 1997 It (open) } ) ( 11...Nb8
12.Be3 Nc6 13.Be2 Na5 14.Rf3 { +0.11 CAP } ) 12.g4 ( 12.Qe1 Bf8 ( 12...Rf8
13.a5 Re8 { +0.52 CAP } ) 13.Nb3 Rb8 14.g4 Nb6 15.g5 Nfd7 16.Bg2 Nc4 17.Nd4 g6
18.b3 Bg7 19.Nde2 Na5 20.Ba3 b5 21.axb5 axb5 22.Bxd6 Qxd6 23.Rxa5 b4 24.Nd1
Ba6 25.e5 Qb6 26.Ra2 Nc5 27.Rf2 Red8 28.Ng3 Rd4 29.Ne3 Rbd8 30.Ra1 h5 31.h4
Bf8 { ...0-1, Timoscenko Gennadij 2530 - Vilela Jose Luis 2435 , Decin 1978 }
) ( 12.Qe2 Bf8 13.g4 Nb6 14.g5 Nfd7 15.Nb3 Nc4 16.Bg2 g6 17.f5 Nde5 18.Nd4 Na5
19.Be3 Nac4 20.Bc1 Na5 21.Be3 Nac4 22.b3 Nxe3 23.Qxe3 Bd7 24.Qg3 Bg7 25.Rad1
Rac8 26.Nce2 b5 27.axb5 axb5 { 1/2-1/2, Marjanovic Slavoljub 2505 - Djukic
Zeljko 2308 , Nis 3.11.1979 It } ) 12...Nf8 { +0.00 CAP } ( 12...Nb6 13.g5
Nfd7 14.Bg2 Bf8 15.Nde2 Rb8 16.b3 Na8 17.Bb2 b6 18.Rf3 Bb7 19.Rh3 g6 20.Qd2
Bg7 21.Rd1 Rbd8 22.Qxd6 Nc5 23.Qxc7 Nxc7 24.e5 Ne4 25.Kg1 Nxc3 26.Nxc3 Bxg2
27.Kxg2 Rxd1 28.Nxd1 Nd5 29.Rf3 Rd8 30.Nf2 h6 31.h4 hxg5 32.hxg5 { ...1-0,
Malakhov Vladimir 2540 - Rychagov Andrey 2495 , Kolontaevo 1997 Ch Russia
(juniors) (under 20) } ) 13.g5 N6d7 14.Bg2 b6 15.f5 Bb7 16.Qg4 Ne5 17.Qh3 Qc4
18.Be3 { N } ( 18.Nce2 f6 19.Ra3 fxg5 20.Rc3 Qxa4 21.Rc7 Bc8 22.Qh5 Bd7
23.Bxg5 Bxg5 24.Qxg5 Nf7 25.Qg3 Rad8 26.b3 Qa5 27.fxe6 Nxe6 28.Nxe6 Rxe6
29.Nf4 Rf6 30.Nd5 Rxf1+ 31.Bxf1 Qa1 32.Kg2 b5 { 1/2-1/2, Kindermann Stefan
2535 - Georgiev Krum 2455 , Plovdiv 1984 It (cat.10) } ) 18...Bd8 19.f6 Nfg6
20.Nce2 Qc7 21.Ng3 gxf6 22.gxf6 Nd7 23.Nh5 Kh8 { ?! } ( 23...Qc4 { !? } 24.Qg3
Nc5 25.Qg4 Qb4 26.b3 Qc3 { } ) 24.Bh6 Qc4 25.Bg7+ Kg8 26.Qe3 Nde5 27.h3 Nh4
28.Qh6 { } {#r} 1-0

[Event "It"]
[Site "masterchessopen.com Bischwiller (France)"]
[Date "2007.07.02"]
[Round "2"]
[White "Lutz Eric (FRA)"]
[Black "Genov Petar (BUL)"]
[Result "0-1"]
[WhiteElo "2209"]
[BlackElo "2457"]

1.e4 c5 2.Nf3 e6 3.d4 cxd4 4.Nxd4 a6 5.Be2 Nf6 6.Nc3 d6 7.O-O Qc7 8.f4 Nc6
9.Kh1 Be7 10.Be3 O-O 11.Bf3 Re8 12.a4 Na5 13.g4 Nc4 14.Bc1 Rb8 15.Bg2 b6 16.g5
Nd7 17.Qh5 g6 18.Qh4 Bf8 19.Rf3 Bg7 20.Nde2 f5 21.Rh3 Nf8 22.b3 Na5 23.Ba3 b5
24.axb5 axb5 25.b4 Nc4 26.Ra2 Bd7 27.exf5 gxf5 28.Bc1 Bc6 29.Qf2 Bxg2+ 30.Qxg2
Ng6 31.Rd3 d5 32.Qf3 Qe7 33.Nd1 {#R} 0-1

[Event "It (open)"]
[Site "masterchessopen.com Mislata (Spain)"]
[Date "2007.08.22"]
[Round "1"]
[White "Calvo Galve Nestor (ESP)"]
[Black "Castellanos Renier (ESP)"]
[Result "0-1"]
[WhiteElo "1932"]
[BlackElo "2471"]

1.e4 c5 2.Nf3 e6 3.d4 cxd4 4.Nxd4 a6 5.Nc3 Qc7 6.Be2 Nf6 7.O-O d6 8.f4 Be7
9.Bf3 Nc6 10.Kh1 O-O 11.Be3 Na5 12.Qc1 Nc4 13.Bf2 Rb8 14.b3 Na5 15.Qe3 b5
16.Rac1 Bb7 17.Rfd1 Rbc8 18.Be1 Nc6 19.Nce2 Qb8 20.c3 Rfe8 21.Bf2 Bf8 22.Ng3
Qa8 23.Nxc6 Bxc6 24.Qa7 Nxe4 25.Nxe4 Bxe4 26.Bxe4 Qxe4 27.Qxa6 Qe2 28.Bd4 Ra8
29.Qc6 Rxa2 30.Re1 Qg4 31.h3 Qxf4 32.Rf1 Qg3 33.Ra1 Rb2 34.Ra7 d5 35.Rg1 Bd6
{#R} 0-1

[Event "It (open)"]
[Site "masterchessopen.com Apolda (Germany)"]
[Date "2007.08.25"]
[Round "4"]
[White "Kuczynski Robert (POL)"]
[Black "Baumert Andre (GER)"]
[Result "1-0"]
[WhiteElo "2483"]
[BlackElo "1961"]

1.e4 c5 2.Nf3 e6 3.Nc3 a6 4.d4 cxd4 5.Nxd4 Qc7 6.Be2 Nf6 7.O-O d6 8.f4 Nbd7
9.Bf3 Be7 10.a4 g6 11.Kh1 e5 12.Nde2 h5 13.a5 b5 14.axb6 Qxb6 15.Na4 Qa7
16.Nec3 Bb7 17.Qe2 Rc8 18.Be3 Qa8 19.fxe5 Nxe4 20.Bxe4 Bxe4 21.exd6 Bxd6
22.Bd4 {#r} 1-0

[Event "It (open)"]
[Site "masterchessopen.com Alcala de Henares (Spain)"]
[Date "2007.10.11"]
[Round "5"]
[White "Roa Alonso Santiago (ESP)"]
[Black "Suba Mihai (ROM)"]
[Result "1-0"]
[WhiteElo "2451"]
[BlackElo "2502"]

{ Roa Alonso Santiago (ESP) +0 =1 -0 Suba Mihai (ROM) +8 =15 -4 } 1.e4 c5
2.Nf3 d6 3.d4 Nf6 4.Nc3 cxd4 5.Nxd4 e6 6.Be2 a6 7.O-O Qc7 ( 7...Be7 8.f4 O-O
9.Kh1 Qc7 10.Qe1 b5 11.Bf3 Bb7 12.e5 Ne8 13.f5 dxe5 14.fxe6 Bxf3 15.exf7+ Rxf7
16.Nxf3 Nd7 17.Bg5 Bf8 18.Bh4 h6 19.Qe2 Rc8 20.Bg3 b4 21.Nd5 Qc4 22.Qxc4 Rxc4
23.c3 bxc3 24.Nxc3 Rc5 25.Rfe1 Re7 26.Re2 g6 27.Rd1 { ...1/2-1/2, Morris
Philip 2380 - Suba Mihai 2520 , Eastbourne 1990 Ch Great Britain } ) 8.f4 Be7
9.Be3 O-O 10.Kh1 ( 10.Qe1 b5 11.Bf3 Bb7 12.e5 dxe5 13.fxe5 Nfd7 14.Bxb7 Qxb7
15.Qg3 Kh8 16.a3 Nc6 17.Nf3 b4 18.Ne4 bxa3 19.bxa3 Nd4 20.Bxd4 Qxe4 21.c3 Rab8
22.Rae1 Qc6 23.Ng5 Kg8 24.Ne4 Rb2 25.Nf6+ Kh8 26.Rf4 Bxf6 27.exf6 g6 28.Rfe4
Kg8 29.Qg5 e5 { ...1/2-1/2, Roa Alonso Santiago 2360 - Gamundi Salamanca
Antonio 2400 , Matalascanas 1995 Ch Spain } ) 10...b5 11.a3 { ? } ( 11.e5 dxe5
12.fxe5 Nfd7 13.Bd3 Bb7 14.Bf4 Nc5 15.Qg4 Rd8 16.Bg5 g6 17.Qf4 Bf8 18.Bh4 Rd7
19.Rad1 Bg7 20.Bf6 Bxf6 21.Qxf6 Nc6 22.Nf3 Rad8 23.Rde1 Nb4 24.Ng5 Nbxd3
25.cxd3 Nxd3 26.Re3 b4 27.Rxd3 Rxd3 28.Nxf7 Bxg2+ 29.Kxg2 Qb7+ 30.Kg1 Qb6+ {
...1-0, Yegiazarian Arsen 2562 - Nielsen Peter Heine 2620 , Ohrid 2001 Ch
Europe } ) 11...Bb7 12.Bf3 { =/? } 12...Nc6 13.Qe1 ( 13.Qe2 Rfe8 14.Rad1 Bf8
15.Qf2 Rac8 16.g4 Nxd4 17.Bxd4 e5 18.fxe5 dxe5 19.Be3 Bxa3 20.g5 Bxb2 21.gxf6
Bxc3 22.Qh4 Bb4 23.Rd2 g6 24.Rg2 Qc4 25.Rfg1 Bf8 26.Rg3 Qe6 27.Rh3 h6 28.Rhg3
Kh7 29.Rg4 Rc3 30.Bxh6 Qxg4 31.Rxg4 Bxh6 32.Qf2 Rc6 { ...1-0, Brumen Dinko
2362 - Horvath Csaba 2565 , Sibenik 3.10.2005 Ch Croatia (team) } ) 13...Rfe8
14.Qg3 ( 14.Bg1 Nd7 15.Rd1 Na5 16.b3 Nc6 17.a4 Nxd4 18.Bxd4 bxa4 19.bxa4 Rac8
20.e5 dxe5 21.fxe5 Bc5 22.Bxb7 Qxb7 23.Ne4 Be7 24.c3 Rcd8 25.Rf3 Nxe5 26.Rg3
Ng6 27.Rgd3 e5 28.Bc5 Rxd3 29.Rxd3 Nf4 30.Rd2 Bxc5 31.Nxc5 Qc6 32.Ne4 Qxa4
33.g3 Ne6 { ...0-1, Thorsteinsson Bjorn 2172 - Arnason Jon L 2525 , Reykjavik
1994 Ch Iceland (team) } ) ( 14.Rd1 Rac8 15.Qg3 Red8 16.Qf2 Qb8 17.Nde2 Ba8
18.g4 b4 19.axb4 d5 20.exd5 Nxb4 21.Ba7 Qb7 22.Bb6 Rxd5 23.Nxd5 Nbxd5 24.g5
Ng4 25.Qg1 Nde3 26.Qxg4 Qxb6 27.Qg1 Bc5 28.b4 Qxb4 29.c3 Qe4 30.h4 Nxf1
31.Qxc5 Qxf3+ { 0-1, Borocz Istvan 2425 - Adorjan Andras 2530 , Balatonbereny
1996 It (open) } ) ( 14.g4 Nd7 15.Qg3 Na5 16.Nde2 Nc4 17.Bc1 Ncb6 18.b3 d5
19.f5 Bd6 20.Qf2 Be5 21.Bb2 dxe4 22.Bg2 e3 23.Qxe3 exf5 24.Rxf5 Bxg2+ 25.Kxg2
Bxc3 { 0-1, Marina De La Torre Ivan 1936 - Fluvia Poyatos Joan 2467 ,
Barcelona 4. 4.2004 Ch Catalunia } ) 14...Bf8 { ^00 ^01 ^00 ^00 ^00 ^02 e5 ^00
^00 ^00 ^01 ^00 ^02 e5 ^254 ^00 ^00 ^00 ^128 } ( 14...Nd7 15.Rad1 Nxd4 16.Bxd4
e5 17.Be3 exf4 18.Bxf4 Ne5 19.Be2 Bf8 20.Rf2 g6 21.Rdf1 Bg7 22.Qh4 Rf8 23.Bh6
Bxh6 24.Qxh6 Rae8 25.Rf4 Re6 26.h4 f6 27.Nd5 Qg7 28.Qxg7+ Kxg7 29.Bg4 Nxg4
30.Rxg4 Bxd5 31.exd5 Re2 32.Rc1 Rc8 33.a4 Rcxc2 34.Rxc2 { ...0-1, Kapnisis
Spyridon 2423 - Rajkovic Dusan 2509 , Katerini 1993 It (open) } ) ( 14...Rad8
15.Nxc6 Bxc6 16.Bd4 g6 17.Rad1 { +0.11 CAP } ) 15.e5 { +0.60 CAP N ^254 ^00
^00 ^00 ^04 ! } ( 15.Rad1 Nxd4 16.Bxd4 e5 17.fxe5 dxe5 18.Be3 Kh8 19.Rd3 Rac8
20.Bg5 b4 21.axb4 Bxb4 22.Bxf6 gxf6 23.Bg4 Rcd8 24.Qh4 Bf8 25.Rh3 h6 26.Rxf6
Rd6 27.Rhf3 Red8 28.Rxf7 Bg7 29.h3 Qb6 30.Qe7 Rd1+ 31.Nxd1 Rxd1+ 32.Rf1 Rxf1+
33.Rxf1 Bxe4 34.Qe8+ Kh7 { ...1-0, Garcia Ilundain David 2440 - Yuja H 2205 ,
Dubai 1986 } ) ( 15.Rae1 Rad8 ( 15...Rab8 16.e5 Nd7 17.Nxc6 Bxc6 18.exd6 Bxd6
19.Ne4 Bf8 20.c3 a5 21.Ng5 Bxf3 22.Qxf3 h6 23.Ne4 Nc5 24.Bd4 Nxe4 25.Rxe4 Bc5
26.Be5 Bd6 27.Bd4 Bc5 28.Be5 Bd6 29.Bd4 Bc5 { 1/2-1/2, Markoja Uros 1597 -
Spendal Barbara 1913 , Otocec 23. 8.2006 Ch Slovenia (team) (youth) } ) 16.e5
dxe5 17.fxe5 Nxd4 18.Bxb7 Qxb7 19.exf6 Nf5 20.Qg4 g6 21.Qe4 Qxe4 22.Nxe4 Nxe3
23.Rxe3 Rd5 24.g4 Rc8 25.c3 Rcd8 26.Kg2 h6 27.h4 Bc5 28.Re2 Kf8 29.Rc1 Bb6
30.c4 bxc4 31.Rxc4 Ke8 32.Rc6 Rb8 33.Nd6+ Kd7 34.Rxb6 Rxb6 { ...0-1, Sznapik
Krzysztof 2240 - Raijmaekers Rene CH, Warsaw 1994 It (open) } ) 15...dxe5
16.fxe5 Nxd4 17.Bxd4 Bxf3 18.Rxf3 Rad8 19.Qh4 Nd7 { ?! } ( 19...Qc4 { !? }
20.Rf4 Nd5 21.Nxd5 Rxd5 22.Qf2 Bc5 23.Bxc5 Qxc5 24.Rxf7 { } ) 20.Ne4 Nxe5 { ?!
} ( 20...Be7 { !? } 21.Qf4 f6 22.exf6 Qxf4 23.Rxf4 gxf6 24.Bxf6 Nxf6 25.Rxf6
Bxf6 26.Nxf6+ Kf7 27.Nxe8 { } ) 21.Rh3 f5 22.Qxh7+ Kf7 23.Ng5+ Kf6 24.Rh6+
gxh6 25.Ne4+ fxe4 26.Rf1+ Kg5 27.Be3+ Kh5 28.h3 { ?? } ( 28.Rf5+ exf5 { } )
28...Nf7 { ?? } ( 28...Qxh7 29.Bf4 Nc4 30.b3 Nxa3 31.c3 Qg7 { } ) {#r} 1-0

[Event "Extraliga 2007/08"]
[Site "masterchessopen.com Slovakia"]
[Date "2007.10.20"]
[Round "1"]
[White "Rigo Zsolt (SVK)"]
[Black "Sikula Vaszilij (UKR)"]
[Result "0-1"]
[WhiteElo "2401"]
[BlackElo "2550"]

1.e4 c5 2.Nf3 e6 3.d4 cxd4 4.Nxd4 a6 5.Be2 Qc7 6.O-O Nf6 7.Nc3 d6 8.a4 Nc6
9.Be3 Be7 10.f4 O-O 11.Kh1 Re8 12.Bf3 Bd7 13.Nb3 b6 14.Qd2 Rab8 15.g4 Bc8
16.g5 Nd7 17.Qf2 Bf8 18.Bg2 Na5 19.Rad1 Nc4 20.Bc1 Bb7 21.Rd3 g6 22.Qh4 Bg7
23.f5 exf5 24.exf5 Bxc3 25.bxc3 Re2 26.Rg3 Bxg2+ 27.Rxg2 Qc6 28.Rg1 Rxg2
29.Rxg2 Re8 30.Nd4 Qe4 31.Qh6 gxf5 32.h3 f4 33.g6 fxg6 34.Bxf4 Rf8 35.Bg3 Ne3
{#R} 0-1